Neutralita štátov diplomová práca

Na minha lista:
Detalhes bibliográficos
Autor principal: Dančo, Ján
Autor Corporativo: Fakulta medzinárodných vzťahov EU. Katedra medzinárodného práva
Outros Autores: Hraníková Pyteľová, Klaudia, 1985-
Formato: Livro
Idioma:eslovaco
Publicado em: Bratislava 2021
Tags: Adicionar Tag
Sem tags, seja o primeiro a adicionar uma tag!

MARC

LEADER 00000nbm a2200000 4500
001 0275346
005 20230228112204.9
041 0 |a slo 
044 |a SK 
245 1 0 |a Neutralita štátov  |b diplomová práca  |c Ján Dančo ; školiteľ: Klaudia Hraníková Pyteľová 
264 1 |a Bratislava  |c 2021 
300 |a 59 s. 
100 1 |a Dančo, Ján 
700 1 |a Hraníková Pyteľová, Klaudia, 1985- 
710 2 |a Fakulta medzinárodných vzťahov EU. Katedra medzinárodného práva